Politická lingvistika
Enregistré dans:
| Auteur principal: | |
|---|---|
| Autres auteurs: | , , , |
| Format: | Livre |
| Langue: | slovaque |
| Publié: |
Bratislava
Vydavateľstvo EKONÓM
2021
|
| Édition: | 1. vydanie |
| Sujets: | |
| Tags: |
Pas de tags, Soyez le premier à ajouter un tag!
|
MARC
| LEADER | 00000nam a2200000 4500 | ||
|---|---|---|---|
| 001 | 0279457 | ||
| 005 | 20250513122146.6 | ||
| 020 | |a 978-80-225-4861-8 | ||
| 041 | 0 | |a slo | |
| 044 | |a SK | ||
| 245 | 1 | 0 | |a Politická lingvistika |c Nina Cingerová - Irina Dulebová - Radoslav Štefančík ; recenzenti: Ľubomír Guzi, Ján Liďák |
| 250 | |a 1. vydanie | ||
| 264 | 1 | |a Bratislava |b Vydavateľstvo EKONÓM |c 2021 | |
| 300 | |a 152 s. [7,6 AH] | ||
| 610 | 2 | 0 | |a jazykoveda |
| 610 | 2 | 0 | |a politika |
| 610 | 2 | 0 | |a komunikácia |
| 610 | 2 | 0 | |a jazyk odborný |
| 610 | 2 | 0 | |a sekuritizácia |
| 610 | 2 | 0 | |a populizmus |
| 610 | 2 | 0 | |a siete sociálne |
| 610 | 2 | 0 | |a internet |
| 100 | 1 | |a Cingerová, Nina | |
| 700 | 1 | |a Dulebová, Irina | |
| 700 | 1 | |a Štefančík, Radoslav, 1976- | |
| 700 | 1 | |a Guzi, Ľubomír | |
| 700 | 1 | |a Liďák, Ján | |